| 000 | 02058cam a2200457 i 4500 | ||
|---|---|---|---|
| 001 | 3015 | ||
| 003 | FISKH | ||
| 005 | 20240130153648.0 | ||
| 008 | 171120t20172016nyua 000 1 eng d | ||
| 010 | _a 2017299764 | ||
| 020 | _a0735222304 | ||
| 020 | _a9780735222304 | ||
| 020 | _a9780718186326 | ||
| 035 | _a(OCoLC)on1005512908 | ||
| 040 |
_aBRG _beng _cBRG _erda _dZHB _dOCLCQ _dOCLCF _dCHILD _dDLC |
||
| 042 | _alccopycat | ||
| 043 | _ae-fr--- | ||
| 050 | 0 | 0 |
_aPR6113.O94 _bA6 2017 |
| 082 | 0 | 4 |
_a823/.92 _223 |
| 100 | 1 |
_aMoyes, Jojo _d1969- |
|
| 245 | 1 | 0 |
_aParis for one and other stories / _cJojo Moyes. |
| 250 | _aFirst Published as this collection 2016 | ||
| 260 |
_aNew York : _bPenguin Books, _c2016 |
||
| 300 |
_a336 pages : _c24 cm |
||
| 336 |
_atext _btxt _2rdacontent |
||
| 337 |
_aunmediated _bn _2rdamedia |
||
| 338 |
_avolume _bnc _2rdacarrier |
||
| 520 |
_a"Quintessential Jojo Moyes, Paris for One and Other Stories is an irresistibly romantic collection filled with humor and heart. Nell is twenty-six and has never been to Paris. She's never even been on a romantic weekend away--to anywhere--before. Everyone knows traveling abroad isn't really her thing. But when Nell's boyfriend fails to show up for their romantic mini-vacation, she has the opportunity to prove everyone--including herself--wrong. Alone and in Paris, Nell uncovers a version of herself she never knew existed: independent and intrepid. Could this turn out to be the most adventurous weekend of her life?"-- _cProvided by publisher. |
||
| 650 | 0 |
_aYoung women _vFiction. |
|
| 650 | 0 |
_aWomen _vFiction. |
|
| 650 | 7 |
_aWomen. _2fast _0(OCoLC)fst01176568 |
|
| 650 | 7 |
_aYoung women. _2fast _0(OCoLC)fst01183301 |
|
| 651 | 0 |
_aParis (France) _vFiction. |
|
| 651 | 7 |
_aFrance _zParis. _2fast _0(OCoLC)fst01205283 |
|
| 655 | 7 |
_aFiction. _2fast _0(OCoLC)fst01423787 |
|
| 655 | 7 |
_aShort stories. _2fast _0(OCoLC)fst01726740 |
|
| 655 | 7 |
_aShort stories. _2lcgft |
|
| 655 | 7 |
_aFiction. _2lcgft |
|
| 906 |
_a7 _bcbc _ccopycat _d2 _encip _f20 _gy-gencatlg |
||
| 942 |
_2ddc _cBK _n0 |
||
| 999 |
_c3015 _d3015 |
||